Datum a čas kvízu

32 Celkem bodů Celkový počet nahraných bodů na tomto kvízu bez doplňovacích otázek.
3. Pořadí na kvízu Konečné umístění týmu na tomto kvízu.

Zaznamenané odpovědi

# Otázka Odpověď Body Výsledky
1. Vláda ve středu večer slavnost... začátek II. světové války – 1938 místo 1939 0
2. Federální soud USA propustil n... Ronalda Reagana 0
3. Jedna z hlavních postav animov... (Buzz) Rakeťák 1
4. V Moskvě bylo otevřeno prvních... Chutně a tečka / Vkusno & točka 0
5. 0:4 – to je nejhorší domácí po... Maďarsko 0
6. V následujících pěti otázkách... Vykoupení z věznice Shawshank; Tim Robbins a Morgan Freeman 0.5
7. Francouzská komedie Drž hubu!... Ruby, Quentin 1
8. V roce 2013 byl natočen životo... James Hunt, Niki Lauda 0.5
9. Jak zní příjmení manželského p... Márovi 0
10. Přiřaďte k sobě herecké předst... 1B 2C 3D 4A 1